PCBA Quiz #1 - Statistics

General Stats
  • This quiz has been taken 28 times
  • The average score is 13 of 14
Answer Stats
Hint Answer % Correct
How many *OFFICIAL* relationships have PCBA members been in (Excl. Johnny - Way too many) 4
100%
Original Name of PCBA BCBA
100%
Name One PCBA Founders Carter / Gibbs
100%
Which PCBA member does not have a sibling Gibbs
100%
Oldest PCBA Member Johnny
100%
Youngest PCBA Member Matt / Chester
100%
Which PCBA Member attends Hamden Hall Nate
100%
PCBA Hometown North Haven
100%
Who hit the iconic "Infinite dab emote" After making a 3 point shot in rec basketball Paul
100%
Elementary School Majority of PCBA Members Attended Ridge Road Elementary School / Ridge Road
100%
Who gave the name PCBA Kevin
91%
Main Affiliated Group (Inspiration for PCBA) BFL
82%
Current Name of PCBA Chat GC Community
82%
PCBA biggest rivals Brendan and Gibbs / Gruddy and Gibbs / Gibbs and Gruddy / Gibbs and Brendan
64%
No matching quizzes found
Score Distribution
Percent of People with Each Score
Percentile by Number Answered
Your Score History
You have not taken this quiz